| 000 | 00533nam a2200181Ia 4500 | ||
|---|---|---|---|
| 008 | 220216s9999 xx 000 0 und d | ||
| 100 | _aAntony Prince | ||
| 245 | 0 | _aMixed crosslinking in chlorosulfonated polyethylene and its blend with ethylene vinyl acetate copolymer | |
| 260 |
_bJournal of Elastomers and Plastics _c2001 |
||
| 300 | _a196-210 | ||
| 650 | _aBlend | ||
| 650 | _aChlorosulfonated polyethylene | ||
| 650 | _aCrosslinking | ||
| 700 | _aBhattacharya A | ||
| 700 | _aDatta S | ||
| 700 | _aDe S K | ||
| 942 | _cJS | ||
| 999 |
_c63009 _d63009 |
||